00416nam a2200157Ia 4500008004100000020001500041082001900056100001500075245003500090250000700125260004000132300001700172500002500189650001000214700003400224230524s9999 xx 000 0 und d a8170087910 a624.15136bPUN aB.C.Punmia 0aSoil Mechanics and Foundations a16 aNew DelhibLaxmi Publicationsc2014 a"VIII,911p;" aQuantity Number: 57 aCivil a"Ashok K. Jain, Arun K. Jain"